[Event "Ghent Eastman op 42nd"]
[Site "Ghent"]
[Date "2019.07.23"]
[Round "7"]
[White "Vermaat, Marcel"]
[Black "Heymans, Berwout"]
[Result "0-1"]
[WhiteElo "2169"]
[BlackElo "1889"]
[PlyCount "72"]
[EventDate "2019.07.20"]
[EventType "swiss"]
[EventRounds "9"]
[EventCountry "BEL"]
[SourceTitle "CBM 191 Extra"]
[Source "ChessBase"]
[SourceDate "2019.09.30"]
[SourceVersion "1"]
[SourceVersionDate "2019.09.30"]
[SourceQuality "1"]

1. e4 c5 2. Nf3 g6 3. d4 cxd4 4. Nxd4 Bg7 5. Nc3 Nc6 6. Be3 Nf6 7. f3 0-0 8. Bc4 Qb6 9. a3 d6 10. 0-0 Nd7 11. Nf5 Qxb2 12. Nb5 Qxa1 13. Nh6+ Bxh6 14. Qxa1 Bxe3+ 15. Kh1 Nde5 16. Bd5 Bd7 17. Qe1 Bh6 18. Qh4 Bg7 19. c3 Rac8 20. h3 a6 21. Nd4 Nxd4 22. cxd4 Nc6 23. Bxc6 Bf6 24. Qg3 Rxc6 25. e5 dxe5 26. dxe5 Bg7 27. Rd1 Bf5 28. f4 Rfc8 29. Rd2 Rc3 30. Qh4 f6 31. g4 Be4+ 32. Kg1 Rf3 33. Qe1 Rxf4 34. Qe3 Rc1+ 35. Kh2 Rh1+ 36. Kg3 Rf3+ 0-1